Представление документа в формате MARC21

ПолеНазваниеЗначение
  Тип записи a
  Библиографический уровень m
001 Контрольный номер RU\infra-m\znanium\bibl\2220953
005 Дата корректировки 20260429142407.4
008 Кодируемые данные 260122s2026 RU g rus u
020 Индекс ISBN __
a ISBN 978-5-00091-755-8
020 Индекс ISBN __
a ISBN 978-5-16-113357-6 (электр. издание)
020 Индекс ISBN __
a ISBN 978-5-16-017024-4 (ISBN соиздателя)
040 Источник каталогиз. __
a Служба первич. каталог. Общество с ограниченной ответственностью «ЗНАНИУМ»
041 Код языка издания __
a Код языка текста rus
044 Код страны публикации __
a Код страны публикации RU
080 Индекс УДК __
a Индекс УДК 616-083(075.32)
084 Индекс другой классификации/Индекс ББК __
2 Источник индекса rubbk
a Индекс другой классификации/Индекс ББК 53.5я723
084 Индекс другой классификации/Индекс ББК __
2 Источник индекса okso
a Индекс другой классификации/Индекс ББК 31.02.01
084 Индекс другой классификации/Индекс ББК __
2 Источник индекса okso
a Индекс другой классификации/Индекс ББК 31.02.02
084 Индекс другой классификации/Индекс ББК __
2 Источник индекса okso
a Индекс другой классификации/Индекс ББК 34.01.01
084 Индекс другой классификации/Индекс ББК __
2 Источник индекса okso
a Индекс другой классификации/Индекс ББК 34.02.01
084 Индекс другой классификации/Индекс ББК __
2 Источник индекса okso
a Индекс другой классификации/Индекс ББК 34.02.02
100 Автор __
a Автор Лычев В. Г.
q Полное имя Лычев Валерий Германович
u Дополнение Алтайский государственный медицинский университет
245 Заглавие __
a Заглавие Сестринское дело в терапии с курсом первичной медицинской помощи. Руководство по проведению практических занятий
b Продолж. заглавия Учебное пособие
c Ответственность Алтайский государственный медицинский университет; Алтайский Институт Развития Медицинского Образования
250 Сведения об издании __
g перераб. и доп.
a Основные сведения об издании 3
260 Выходные данные __
a Место издания Москва
b Издательство Издательство "ФОРУМ"
c Дата издания 2026
300 Физическое описание __
a Объем 432 с.
440 Серия __
a Серия СПО
520 Аннотация __
a Аннотация В учебном пособии представлены современные технологии проведения практических занятий по подготовке медицинских сестер по уходу за больными терапевтического профиля в условиях стационара и поликлиники. По всем темам приведены тестовые задания и проблемно-ситуационные задачи с эталонами решения. Соответствует требованиям федерального государственного образовательного стандарта среднего профессионального образования по специальности 34.02.01 «Сестринское дело» и обеспечит выпускнику овладение профессиональными компетенциями для успешной работы в первичном звене первичной медико-санитарной помощи. Предназначено для изучения и преподавания сестринского дела в терапии в колледжах и медицинских училищах по специальности «Сестринское дело».
521 Примеч. о цел. назн. __
a Примеч. о целев. назн. Среднее профессиональное образование
650 Тематические рубрики __
a Основная рубрика Медицина. Фармакология
x Основная подрубрика Сестринское дело
655 Указ. предметных рубрик (устаревшее) __
a Жанр/ форма (устаревшее) Учебное пособие
700 Другие авторы __
a Другие авторы Карманов В.К.
q Полное имя Карманов Виталий Константинович
u Дополнение Алтайский Институт Развития Медицинского Образования
856 Электронный адрес документа 4_
a Имя сервера/домена znanium.ru
m Помощь ebs_support@infra-m.ru
n Местонахождение сервера НИЦ ИНФРА-М
u URL https://znanium.ru/catalog/document?id=476973
856 Электронный адрес документа 48
a Имя сервера/домена znanium.ru
d Путь /cover/2220
f Электронное имя 2220953.jpg
q Тип электронного формата image/jpeg
u URL https://znanium.ru/cover/2220/2220953.jpg
911 __
u 0030=https://znanium.ru/catalog/document?id=476973
911 __
u 712a=Алтайский Институт Развития Медицинского Образования